Former Mexican Territory - Statistics

General Stats
  • This quiz has been taken 527 times
    524 since last reset
  • The average score is 14 of 16
Answer Stats
Hint Answer % Correct
Lost it in a Revolution in 1836 Texas
99%
Mexican American War California
97%
Mexican American War New Mexico
95%
Mexican American War Arizona
93%
In Central America Guatemala
91%
In Central America Honduras
91%
In Central America Belize
90%
In Central America Costa Rica
90%
In Central America El Salvador
90%
Mexican American War Nevada
90%
In Central America Nicaragua
90%
Mexican American War Utah
85%
Part of Colorado
81%
Part of Oklahoma
75%
Part of Wyoming
67%
Part of Kansas
65%
No matching quizzes found
Score Distribution
Percent of People with Each Score
Percentile by Number Answered
Your Score History
You have not taken this quiz since the last reset